000 00940cam a2200301 a 4500
001 58290
003 CO-BoRNBP
005 20250821142527.0
007 ta
008 081030s2002 sp a jr 000 j spa
020 _a8426132278
040 _aCO-BoBN
_bspa
_cCO-BoBN
041 1 _aspa
_hger
082 0 4 _a833. 91
_221
100 1 _aKästner, Erich,
_d1899-1974
245 1 0 _aEmilio y los detectives /
_cErich Kästner ; ilustrado por Walter Trier
250 _a1a. ed.
300 _a165 p. :
_bil. ;
_c22 cm
336 _2rdacontent
_atexto
_btxt
337 _2rdamedia
_asin mediación
_bn
338 _2rdacarrier
_avolumen
_bnc
650 1 4 _aCuentos infantiles alemanes
_ySiglo XX
_2LEMB
_9773
650 1 4 _aAmistad
_xLiteratura infantil
_2LEMB
_962827
650 2 4 _aLiteratura infantil alemana
_ySiglo XX
_2LEMB
_9774
700 1 _aTrier, Walter,
_eilustrador
942 _2ddc
_cBK
999 _c58290
_d58290